Corporate Culture v praxi slovenských firiem

Význam fenoménu Corporate Culture aj v čase krízy a zhodnotenie úrovne Corporate Culture v podnikateľských subjektoch pôsobiacich na slovenskom trhu.

Guardado en:
Detalles Bibliográficos
Autor principal: Belejová, Martina
Formato: Capítulo de libro
Lenguaje:eslovaco
Materias:
Etiquetas: Agregar Etiqueta
Sin Etiquetas, Sea el primero en etiquetar este registro!

MARC

LEADER 00000nla$a2200000$$$4500
001 0147409
005 20240502072649.6
041 0 |a slo 
044 |a SK 
245 1 0 |a Corporate Culture v praxi slovenských firiem  |c Martina Belejová 
520 |a Význam fenoménu Corporate Culture aj v čase krízy a zhodnotenie úrovne Corporate Culture v podnikateľských subjektoch pôsobiacich na slovenskom trhu. 
610 2 0 |a firmy 
610 2 0 |a kultúra podniková 
610 2 0 |a kultúra podnikania 
610 2 0 |a Slovensko 
100 1 |a Belejová, Martina